MDQL
is popping MORE tags! Check the
thread
!
Quizzes
Events
Quiz Creation
Community
Videos
Private Events
Remove Ads
Sign In
Join for FREE
Feedback
Dark Mode
Quiz Categories
Sports
Geography
Music
Movies
Television
Just For Fun
Miscellaneous
History
Literature
Language
Science
Gaming
Entertainment
Religion
Holiday
For Kids
Quiz Lab
Recent
Popular Today
Quiz Kudos Today
Editor Picks
Curator Picks
Quizzes by...
Day
Popularity
Type
Ratings
Length
Year
Community
Subscriptions
Recent Discussions
Orange Saloon
Badges
Playlists
Quests
Create
Leaderboards
Showdown
Live 5
Trivia Bingo
Activity
Puzzle Library
Sporcle Events
Private Events
Virtual Trivia
Globe League
Become a Host
Pub Owners
SporcleCon
Opinionation
Our Games
Videos
Blog
Mobile Apps
Partnerships
Remove Ads and Go Orange
Feedback
Television
TV Characters
TV Show
Sitcom
Network
Friends
Reality Shows
Cast
South Park
Star Trek
The Simpsons
Doctor Who
Television
TV Characters
TV Show
Sitcom
Network
Friends
Reality Shows
Cast
South Park
Star Trek
The Simpsons
Doctor Who
Random Quiz
Search Sporcle
×
Quiz Lab
Quiz Lab
Television
Clickable
Select answers by clicking on text or image buttons
Select answers by clicking on text or image buttons
Clickable
Best Score? Go Orange.
Walking Dead Episode Titles Stats
Can you click the real Walking Dead episode titles while avoiding the fake ones?
By
MitchellDietz10
10m
98 Questions
476 Plays
476 Plays
476 Plays
Comments
Comments
Give Quiz Kudos
Give Quiz Kudos
-
- Ratings
hide this ad
Random Order
Randomize order of answers
Randomize order of answers
Replay
Link that replays current quiz
Next Quiz
Link to next quiz in quiz playlist
You Got
0%
They Got
Avg Score
55%
Avg Friend Score
Upgrade to see
Score Distribution
Jump to the score distribution portion of the page
Score
0/98
Timer
10:00
0
Plays Today
% Correct
Welcome to the Tombs
63%
30 Days Without an Accident
62.2%
Beside the Dying Fire
61.6%
No Sanctuary
61.6%
Judge, Jury, Executioner
61.1%
18 Miles Out
60.9%
I Ain't a Judas
60.9%
TS-19
60.7%
Tell it to the Frogs
60.5%
Nebraska
60.5%
A
60.3%
The Day Will Come When You Won't Be
60.3%
Days Gone Bye
60.1%
What Happened & What's Going On
59.9%
The First Day of the Rest of Your Life
59.9%
Four Walls and a Roof
59.7%
The Suicide King
59.5%
When the Dead Come Knocking
59.2%
Too Far Gone
59.2%
Infected
59%
After
59%
The Grove
59%
Claimed
58.8%
Hearts Still Beating
58.8%
Killer Within
58.6%
Coda
58.6%
Chupacabra
58.4%
Alone
58.4%
Cherokee Rose
58.2%
Pretty Much Dead Already
58.2%
Live Bait
58.2%
What Lies Ahead
58%
Hounded
58%
% Correct
Last Day on Earth
57.8%
Guts
57.6%
Seed
57.6%
Arrow on the Doorpost
57.6%
Made to Suffer
57.4%
This Sorrowful Life
57.4%
Here's Not Here
57.4%
JSS
57.1%
Us
56.9%
Inmates
56.7%
Slabtown
56.7%
Better Angels
56.5%
Prey
56.5%
Sick
56.3%
Remember
56.3%
Conquer
56.3%
Knots Untie
56.3%
Not Tomorrow Yet
56.3%
Clear
55.9%
Vatos
55.7%
Consumed
55.7%
Bloodletting
55.5%
Dead Weight
55.5%
Save the Last One
55.3%
First Time Again
55.3%
Bury Me Here
55%
Wildfire
54.8%
Now
54.6%
Still
54.4%
Triggerfinger
54.2%
Say the Word
54.2%
Self Help
54%
Thank You
54%
% Correct
Sing Me a Song
54%
Walk with Me
53.8%
Try
53.8%
Forget
53.6%
Twice as Far
53.6%
New Best Friends
53.6%
No Way Out
53.4%
The Well
53.4%
Home
53.2%
Always Accountable
53.2%
The Cell
53.2%
Swear
53.2%
Them
52.9%
The Next World
52.9%
Isolation
52.5%
Rock in the Road
52.1%
The Same Boat
51.7%
Hostiles and Calamities
51.5%
Strangers
51.3%
Internment
51.1%
The Distance
51.1%
Start to Finish
51.1%
Spend
50.8%
Go Getters
50.6%
Indifference
50.2%
Service
50%
Crossed
49.4%
East
48.7%
Heads Up
48.1%
Something They Need
48.1%
The Other Side
47.9%
Say Yes
47.3%
Quiz Playlist
Details
Report
Send in Message
Add To Playlist
Clickable:
Select answers by clicking on text or image buttons
Random Order:
Randomize order of answers
Last Updated: May 5, 2017
Quiz Scoreboard
CHALLENGE
Sign Up to Join the Scoreboard
Show All
Scores
Hide
Comments
May contain spoilers
Recently Published
Colored Red Africa Blitz
by spor1
Geography
30s
Find the 'City' Movie
by crazypaving
Movies
60s
5x2 Blitz: Bands
by SL_Kpop136
Music
30s
More to Explore
Quiz From the Vault
Featured Blog Post
14 Easter Pick-up Lines to Find Eggs With
hide this ad
You Might Also Like...
Tags
Clickable Quiz
dead
episode
fake
Walking
Today's Top Quizzes in Television
Browse Television
hide this ad
Today's Top Quizzes in Clickable
Browse Clickable
Top Contributed Quizzes in Television
1
Survivor Journey Challenge
2
Adjectives in 80s TV Shows
3
Adjectives in 00s TV Shows
4
5-to-1: The Simpsons Families
5
Adjectives in 10s TV Shows
6
5-to-1: Television Doctors
7
7-to-1: TV Show Settings
8
Adjectives in 70s TV Shows
9
5-to-1: Streaming Originals
10
Survivor Seasons
Explore More
Trending Topics
Harry Potter
NBA
Disney
Kpop
Anime
Marvel
Crossword
Song
Puzzle
Pokémon
Soccer
NFL
Country
The Office
WWE
hide this ad
More By:
MitchellDietz10
Quiz
Plays
Rating
Category
Featured
Created
WWE Divas or Womens Champion?
7,376
3.54
Sports
Jun 10, 2019
WWE: Submission Specialist
6,032
4.43
Sports
Feb 20, 2018
Gravity Falls Characters
4,499
3.00
Entertainment
Mar 17, 2014
Spongebob Episode by Picture (Seasons 1-2)
3,925
4.67
Television
Mar 11, 2017
Quick Pick: Walking Dead Antagonists
3,906
3.10
Television
May 2, 2017
Go to Creator's Profile
Score Distribution
Quiz Creator Spotlight
MitchellDietz10
Follow
Send a Message
Quizzes Created
-
Created Quiz Play Count
-
More By This Creator
Popular Quizzes Today
1
5x2 Blitz: Bands
2
Find the 'City' Movie
3
Find the US States - No Outlines Minefield
4
Colored Red Africa Blitz
5
The Countries of the World
6
Find the US States
7
9x9 Crossword: Cartoon Network
8
Risky Map Clicking: Biggest States A-Z
More Television Quizzes
The Walking Dead: Rick's Three Questions
Published
Trending Quizzes
Colored Red Africa Blitz II
Colored Red Europe Blitz I
Find the 'Dark' Movie
Find the 'Day' Movie
Find the 'Good' Movie
Recently Updated
Champions League XIs: Real Madrid
pecheneg
Largest US Cities 1790-2010
pecheneg
Rides in Walt Disney World
pecheneg
Most Oscar Losses (Acting)
pecheneg
Beyoncé Albums
pecheneg
Leaping Animals
pecheneg
Reality TV Shows (A-Z)
bhenderson79
Rickey Henderson's Hall of Fame Teammates
pecheneg
Champions League XIs: Arsenal
pecheneg
Quick Pick: Celebrities in WWE's Hall of Fame
aduchscher
Trending Topics
Anime
Disney
Crossword
Kpop
Marvel
NBA
Harry Potter
Pokémon
WWE
Puzzle
Country
Song
NFL
Soccer
The Office
Your Account Isn't Verified!
In order to create a playlist on Sporcle, you need to verify the email address you used during registration. Go to your
Sporcle Settings
to finish the process.
Report this User
Report this user for behavior that violates our
Community Guidelines
.
Details:
Send Report
Go to the Sporcle.com Mobile Site →
Comments